"Letenky" americkej Slovenky

Bibliographic Details
Main Authors: Bušo, Milan (Author, Interviewer), Strelka-Kanková, Kamila Kay, 1933-2023 (Author)
Format: Article
Language:Slovak
PhysicalDescription:Fotogr.
ISSN:1335-440X
Subjects:

MARC

LEADER 00000nab a2200000 ar4500
001 vtls009477896
003 SK-MaSNL
005 20260303233157.0
008 090226c20090206xo |||||||||||000 b|slo
015 |a SNBRB2009/02  |2 snkbucl 
038 |a SNKBUCL 
040 |a SNKBUCL  |b slo  |c SNKBUCL  |e AACR2 
041 0 |a slo 
044 |a xo  |c SK 
080 |a 82:929:821.162.4  |2 1997 
080 |a 821.162.4  |2 1997 
100 1 |a Bušo, Milan  |4 ivr  |4 aut  |9 274369 
245 1 0 |a "Letenky" americkej Slovenky  |c Milan Bušo, Kamila Kay Strelka Kanková 
300 |b Fotogr. 
600 1 7 |a Strelka-Kanková, Kamila Kay,  |d 1933-2023  |2 snkbucl  |9 122792 
655 7 |a rozhovory  |2 snkbucl  |9 31831 
700 1 |a Strelka-Kanková, Kamila Kay,  |d 1933-2023  |4 ive  |4 aut  |9 122792 
773 0 |t Sme. Roľnícke noviny  |g Č. 30 (6.2.2009)  |x 1335-440X 
773 0 8 |i Príl.:  |t Roľnícke noviny  |g Č. 6 (6.2.2009), s. 13-14 
852 |a SNK  |b KIS3GCP 
958 |a LX 
958 |a SK 
958 |a US 
999 |c 2513821  |d 2515751